History Quiz

Random History or Year Quiz

Historical Events of 1965 Quiz Stats

 Plays Quiz Updated Jun 25, 2014

Challenge
Share
Tweet
Embed
Score 0/25 Timer 06:00
0 Plays Today
Hint Answer % Correct
A red-and-white maple leaf design is inaugurated as the flag of this countryCanada
98.2%
The first American troops land in this countrySouth Vietnam
94.1%
This man leads 25,000 civil rights activists on a march from Selma, AL to Montgomery, AL Martin Luther King, Jr.
93.9%
This man, British Prime Minster during World War II, is buried among history's second largest assembly of statesmenSir Winston Churchill
91.5%
This man is sworn in as US PresidentLyndon B. Johnson
88.6%
This country announces that it has shipped rockets to North VietnamUnion of Soviet Socialist Republics
84.2%
This movie about the Von Trapps premieresThe Sound of Music
81%
This cartoon series about a cat and a mouse airs on CBSTom & Jerry
80.6%
This Cuban dictator announces that Che Guevara has resigned and fled CubaFidel Castro
78.8%
This iconic band performs history's first stadium concert at New York's Shea StadiumThe Beatles
77.7%
This black nationalist associated with the Nation of Islam movement is assassinatedMalcolm X
76.3%
This monument is unveiled in St. Louis, MissouriGateway Arch
64.6%
This social insurance program is signed into U.S. law Medicare
50.5%
Hint Answer % Correct
This man is re-elected French president with over 10 million votesCharles De Gaulle
44.6%
Television advertisements for this product are banned in the UKCigarettes
43.1%
This soap opera debuts on NBCDays of our Lives
41.8%
West Germany establishes diplomatic relations with this countryIsrael
34.5%
Students at this university burn draft cards and effigies of the president in protest of the then-ongoing warUniversity of California, Berkeley
26.3%
The U.S. President sends troops to this country to avoid 'another Cuba'Dominican Republic
12.3%
Ahmed Ben Bella is ousted during a bloodless coup in this countryAlgeria
11%
This movie takes home 8 Oscars at the 37th Academy AwardsMy Fair Lady
7.4%
This man makes the first US space walkEdward Higgins White
5.4%
This hurricane, the first to cause over one billion dollars in damages, hits New OrleansBillion Dollar Betsy
3.5%
The UN recommends against the recognition of this independent stateRhodesia
2.4%
This Muslim country receives independence from Great BritainThe Maldives
2.2%

You're not logged in!

Compare scores with friends on all Sporcle quizzes.
Join for Free
OR
Log In

You Might Also Like...

Show Comments

Extras

Top Quizzes Today


Score Distribution

Your Account Isn't Verified!

In order to create a playlist on Sporcle, you need to verify the email address you used during registration. Go to your Sporcle Settings to finish the process.

Report this User

Report this user for behavior that violates our Community Guidelines.

Details: